MINERALES Y SUS NOMBRES - Estadísticas

Estadísticas generales
  • Esta prueba ha sido intentada 90 veces
    78 desde el último reinicio
  • La puntuación promedio es 8 de 16
Estadísticas de respuestas
Imagen Respuesta % Correcto
Oro
97%
Diamante
94%
Cuarzo
76%
Amatista
71%
Rubi
64%
Zafiro
60%
Perlas
56%
Granada
54%
Pirita
53%
Granito
40%
Azufre
28%
Hierro
26%
Grafito
25%
Jade
24%
Ambar
22%
Aguamarina
10%
No se encontraron pruebas coincidentes
Distribución de puntuación
Porcentaje de gente con cada puntuación
Porcentaje por número respondido
Historial de tus puntuaciones
No has intentado esta prueba desde el último reinicio